[Event "CYP-ch"]
[Site "Larnaca"]
[Date "2022.04.09"]
[Round "8"]
[White "Antoniou, Rafail"]
[Black "Theocharous, Vassilis"]
[Result "1-0"]
[WhiteElo "1681"]
[BlackElo "1345"]
[PlyCount "49"]
[EventDate "2022.03.12"]
[EventType "tourn"]
[EventRounds "11"]
[EventCountry "CYP"]
[SourceTitle "EXT 2023"]
[Source "ChessBase"]
[SourceDate "2022.10.05"]
[SourceVersion "1"]
[SourceVersionDate "2022.10.05"]
[SourceQuality "1"]

1. e4 d5 2. exd5 Qxd5 3. d4 Nf6 4. Nf3 a6 5. c4 Qd8 6. Nc3 Bg4 7. Be2 e6 8. Qb3 b6 9. Be3 Nbd7 10. h3 Bf5 11. Nh4 Be4 12. Nxe4 Nxe4 13. Nf3 c5 14. d5 exd5 15. cxd5 g6 16. Bxa6 Rxa6 17. Qc4 Nxf2 18. Kxf2 Qa8 19. Rhe1 Kd8 20. d6 Bxd6 21. Rad1 Ra4 22. Qxf7 Rf8 23. Qe6 Rf6 24. Bg5 Qc6 25. Rxd6 1-0

[Event "CYP-ch op"]
[Site "Nikosia"]
[Date "2021.06.12"]
[Round "2"]
[White "Theocharous, Vassilis"]
[Black "Hadjiyiannis, Costas"]
[Result "0-1"]
[WhiteElo "1380"]
[BlackElo "1701"]
[PlyCount "61"]
[EventDate "2021.06.11"]
[EventType "swiss"]
[EventRounds "7"]
[EventCountry "CYP"]
[SourceTitle "EXT 2023"]
[Source "ChessBase"]
[SourceDate "2022.10.05"]
[SourceVersion "1"]
[SourceVersionDate "2022.10.05"]
[SourceQuality "1"]

1. Nf3 Nf6 2. g3 b6 3. Bg2 Bb7 4. d3 d5 5. 0-0 Nbd7 6. Nbd2 g6 7. h3 Bg7 8. Re1 0-0 9. e4 dxe4 10. Nxe4 Nxe4 11. dxe4 Nc5 12. Qxd8 Raxd8 13. Nh2 Rd7 14. e5 Bxg2 15. Kxg2 Rfd8 16. Be3 Na4 17. Rab1 Bxe5 18. Bxb6 Bxg3 19. Bxa7 Bxh2 20. Kxh2 c5 21. b3 Nc3 22. Bb6 Rb8 23. Bxc5 Nxb1 24. Rxb1 Rd2 25. Rc1 Rc8 26. b4 Ra8 27. Kg2 Rxa2 28. c3 f6 29. Re1 e5 30. Be3 Rd3 31. Rc1 0-1

[Event "EU-ch Online U14"]
[Site "Tornelo INT"]
[Date "2020.09.20"]
[Round "9"]
[White "McConnell, Matthew1111"]
[Black "Theocharous, Vassilis"]
[Result "1-0"]
[WhiteElo "1125"]
[BlackElo "1439"]
[PlyCount "69"]
[EventDate "2020.09.18"]
[EventType "swiss (rapid)"]
[EventRounds "9"]
[EventCountry "NET"]
[SourceTitle "EXT 2023"]
[Source "ChessBase"]
[SourceDate "2022.10.05"]
[SourceVersion "1"]
[SourceVersionDate "2022.10.05"]
[SourceQuality "1"]
[WhiteTeam "Kanalinseln"]
[BlackTeam "Zypern"]
[WhiteTeamCountry "JCI"]
[BlackTeamCountry "CYP"]

1. e4 d5 2. exd5 Nf6 3. Nf3 Nxd5 4. Bc4 e6 5. 0-0 Nc6 6. d4 b6 7. Bb5 Bb7 8. Ne5 Qd6 9. Bf4 f6 10. Nxc6 Qxf4 11. Na5+ Ke7 12. Nxb7 Rb8 13. Bc6 Nb4 14. Bf3 Qf5 15. Nc3 Nd5 16. Re1 Kf7 17. Be4 Qg5 18. Qf3 Bb4 19. Re2 Bxc3 20. bxc3 Nxc3 21. Qxc3 Rhc8 22. Qg3 Qb5 23. Qd3 Qb2 24. Ree1 c5 25. Nd6+ Ke7 26. Nxc8+ Rxc8 27. Bf5 Rc6 28. dxc5 bxc5 29. Qb3 Qd4 30. Qb7+ Kd6 31. Rad1 Qxd1 32. Rxd1+ Ke5 33. Qxc6 g5 34. Qxe6+ Kf4 35. Qe4# 1-0